Patrím do tvojho sveta

Bibliographic Details
Main Author: Jimenez, Abby (Author)
Other Authors: Gibalová, Františka (Translator)
Format: Book
Language:Slovak
English
PhysicalDescription:366 strán 21 cm
Published: Bratislava Lindeni 2023
ISBN:9788056636169
Edition:Prvé slovenské vydanie
Subjects:

MARC

LEADER 00000cam a2200000 4500
001 vtls012243919
003 SK-MaSNL
005 20260301033006.0
008 231114s2023 xo g 010 f slo
015 |a SNBA2024/01 
020 |a 9788056636169  |q (viazané) 
040 |a SNK  |b slo  |c SNK  |e rda 
041 1 |a slo  |h eng 
044 |a xo  |c SK 
072 7 |a 821.111(73)-3  |x Americká próza  |2 konspekt 
080 |a 821.111(73)-31  |2 2011 
080 |a (0:82-312.5)  |2 2011 
100 1 |a Jimenez, Abby  |4 aut  |9 232536 
240 1 0 |a Part of Your World  |l Slovensky 
245 1 0 |a Patrím do tvojho sveta  |c Abby Jimenez ; z angličtiny preložila Františka Gibalová 
250 |a Prvé slovenské vydanie 
264 1 |a Bratislava  |b Lindeni  |c 2023 
300 |a 366 strán  |c 21 cm 
336 |a text  |b txt  |2 rdacontent 
337 |a bez média  |b n  |2 rdamedia 
338 |a zväzok  |b nc  |2 rdacarrier 
500 |a Vydalo vydavateľstvo Lindeni v spoločnosti Albatros Media Slovakia, s. r. o. 
500 |a Názov série zistený z externého zdroja 
655 7 |a americké romány  |2 SNKPH  |9 1174 
655 7 |a American novels  |2 SNKPHeng  |9 277755 
655 7 |a ľúbostné romány  |2 SNKPH  |9 70497 
655 7 |a Love novels  |2 SNKPHeng  |9 277756 
700 1 |a Gibalová, Františka  |4 trl  |9 232025 
710 2 |a Albatros Media Slovakia.  |b Lindeni  |4 pbl  |9 193326 
787 0 8 |i Zo série:  |t Patrím do tvojho sveta  |g 1 
852 |a Slovenská národná knižnica 
919 |a 978-80-566-3616-9 
954 |a beletria cudzojazyčná (svetová)  |2 lita 
958 |a LX 
958 |a UP 
968 |b ENG 
999 |c 579331  |d 581261 
952 |a SNK  |b SNK  |y PREZ  |7 0  |p 17A1540211  |o snkSC 204517  |i snk2023/17797  |8 0  |0 0  |1 0  |4 0  |d 2023-12-05  |l 0  |r 2025-10-28 00:00:00  |w 2026-02-23 
952 |a SNK  |b SNK  |y PREZ  |7 0  |p 17A1540212  |o snkSC 204517 D1  |i snk2023/17798  |8 0  |0 0  |1 0  |4 0  |d 2023-12-05  |l 0  |r 2026-02-23 14:45:43  |w 2026-02-23